| 000 | 00461nam a2200229Ia 4500 | ||
|---|---|---|---|
| 003 | IT-RoPAU | ||
| 008 | 120407s9999 xx 000 0 und d | ||
| 040 | _aIT-RoPAU | ||
| 040 | _cIT-RoPAU | ||
| 041 | _aita | ||
| 100 | _aPietro Parente | ||
| 245 | _aLa teologia | ||
| 250 | _aRoma | ||
| 260 | _aStudium | ||
| 260 | _c1952 | ||
| 300 | _a143 p. | ||
| 300 | _c17 cm | ||
| 490 | _aUniversale Studium | ||
| 490 | _v14 | ||
| 942 | _cBK | ||
| 999 |
_c25736 _d25736 |
||